[Event "Grand Swiss "]
[Date "2025.09.08"]
[White "Yuffa, Daniil"]
[Black "Aditya Mittal"]
[WhiteElo "2648"]
[BlackElo "2589"]
[Round "5.5.34"]
[Result "1/2-1/2"]

1. Nf3 {[%clk 01:40:48] [%emt 00:00:09]} d5 {[%clk 01:40:59] [%emt 00:00:04]} 2.
g3 {[%clk 01:41:07] [%emt 00:00:10]} Nf6 {[%clk 01:41:27] [%emt 00:00:03]} 3.
Bg2 {[%clk 01:41:27] [%emt 00:00:10]} e6 {[%clk 01:41:55] [%emt 00:00:02]} 4.
O-O {[%clk 01:41:43] [%emt 00:00:12]} Be7 {[%clk 01:42:23] [%emt 00:00:03]} 5.
d3 {[%clk 01:41:59] [%emt 00:00:13]} O-O {[%clk 01:42:50] [%emt 00:00:04]} 6.
Bf4 {[%clk 01:42:19] [%emt 00:00:10]} Nc6 {[%clk 01:42:53] [%emt 00:00:29]} 7.
a3 {[%clk 01:42:00] [%emt 00:00:48]} Bd6 {[%clk 01:34:54] [%emt 00:08:29]} 8.
Bg5 {[%clk 01:40:52] [%emt 00:01:38]} h6 {[%clk 01:30:56] [%emt 00:04:28]} 9.
Bxf6 {[%clk 01:39:10] [%emt 00:02:11]} Qxf6 {[%clk 01:31:24] [%emt 00:00:03]}
10. Nc3 {[%clk 01:39:20] [%emt 00:00:19]} Rd8 {[%clk 01:30:17] [%emt 00:01:37]}
11. d4 {[%clk 01:39:15] [%emt 00:00:35]} Qg6 {[%clk 01:23:31] [%emt 00:07:17]}
12. Re1 {[%clk 01:34:26] [%emt 00:05:18]} f5 {[%clk 01:21:56] [%emt 00:02:05]}
13. Nb5 {[%clk 01:27:06] [%emt 00:07:50]} Qf6 {[%clk 01:15:27] [%emt 00:06:59]}
14. b3 {[%clk 01:14:53] [%emt 00:12:43]} Bd7 {[%clk 00:52:47] [%emt 00:23:11]}
15. c4 {[%clk 01:12:29] [%emt 00:02:54]} Ne7 {[%clk 00:52:28] [%emt 00:00:49]}
16. Nxd6 {[%clk 01:03:44] [%emt 00:09:14]} cxd6 {[%clk 00:52:37] [%emt
00:00:22]} 17. Qd2 {[%clk 01:02:12] [%emt 00:02:02]} e5 {[%clk 00:46:09] [%emt
00:06:58]} 18. Qb2 {[%clk 00:54:51] [%emt 00:07:51]} e4 {[%clk 00:39:43] [%emt
00:06:56]} 19. Nd2 {[%clk 00:55:16] [%emt 00:00:05]} f4 {[%clk 00:28:44] [%emt
00:11:28]} 20. gxf4 {[%clk 00:36:18] [%emt 00:19:29]} Qxf4 {[%clk 00:23:47]
[%emt 00:05:27]} 21. cxd5 {[%clk 00:34:48] [%emt 00:02:00]} e3 {[%clk 00:19:34]
[%emt 00:04:43]} 22. fxe3 {[%clk 00:34:39] [%emt 00:00:39]} Qxe3+ {[%clk
00:20:02] [%emt 00:00:01]} 23. Kh1 {[%clk 00:35:05] [%emt 00:00:04]} Nf5 {[%clk
00:15:25] [%emt 00:05:08]} 24. Nc4 {[%clk 00:34:31] [%emt 00:01:03]} Qxd4 {[%clk
00:14:16] [%emt 00:01:40]} 25. Qxd4 {[%clk 00:33:23] [%emt 00:01:38]} Nxd4
{[%clk 00:14:44] [%emt 00:00:01]} 26. Nxd6 {[%clk 00:32:58] [%emt 00:00:55]} Nc2
{[%clk 00:11:57] [%emt 00:03:17]} 27. Nxb7 {[%clk 00:32:54] [%emt 00:00:34]}
Rdc8 {[%clk 00:12:19] [%emt 00:00:08]} 28. Nd6 {[%clk 00:17:05] [%emt 00:16:20]}
Rcb8 {[%clk 00:03:06] [%emt 00:09:43]} 29. Ne4 {[%clk 00:16:17] [%emt 00:01:18]}
Rc8 {[%clk 00:03:31] [%emt 00:00:05]} 30. d6 {[%clk 00:13:09] [%emt 00:03:38]}
Bc6 {[%clk 00:01:57] [%emt 00:02:04]} 31. b4 {[%clk 00:08:59] [%emt 00:04:40]}
a5 {[%clk 00:01:15] [%emt 00:01:12]} 32. Rac1 {[%clk 00:03:43] [%emt 00:05:46]}
Nxe1 {[%clk 00:01:36] [%emt 00:00:08]} 33. Rxe1 {[%clk 00:04:00] [%emt
00:00:13]} axb4 {[%clk 00:01:44] [%emt 00:00:23]} 34. axb4 {[%clk 00:04:25]
[%emt 00:00:05]} Rab8 {[%clk 00:01:03] [%emt 00:01:11]} 35. Nc5 {[%clk 00:03:09]
[%emt 00:01:45]} Bxg2+ {[%clk 00:01:02] [%emt 00:00:32]} 36. Kxg2 {[%clk
00:03:37] [%emt 00:00:01]} Rd8 {[%clk 00:00:39] [%emt 00:00:54]} 37. Rd1 {[%clk
00:03:30] [%emt 00:00:37]} Rxb4 {[%clk 00:00:52] [%emt 00:00:18]} 38. e4 {[%clk
00:03:11] [%emt 00:00:48]} Rc4 {[%clk 00:00:54] [%emt 00:00:27]} 39. Ne6 {[%clk
00:02:52] [%emt 00:00:51]} Rd7 {[%clk 00:01:01] [%emt 00:00:22]} 40. e5 {[%clk
00:02:58] [%emt 00:00:23]} Kf7 {[%clk 00:00:33] [%emt 00:00:58]} 41. Nd4 {[%clk
00:02:47] [%emt 00:00:41]} Rxd4 {[%clk 00:21:18] [%emt 00:29:46]} 42. Rxd4
{[%clk 00:53:13] [%emt 00:00:04]} Ke6 {[%clk 00:21:45] [%emt 00:00:03]} 43. Re4
{[%clk 00:53:34] [%emt 00:00:09]} Rf7 {[%clk 00:20:41] [%emt 00:01:34]} 44. Kg3
{[%clk 00:53:39] [%emt 00:00:24]} g6 {[%clk 00:19:39] [%emt 00:01:32]} 45. Kg4
{[%clk 00:53:30] [%emt 00:00:39]} Rf1 {[%clk 00:15:42] [%emt 00:04:27]} 46. Re3
{[%clk 00:51:26] [%emt 00:02:34]} Rd1 {[%clk 00:11:03] [%emt 00:05:10]} 47. Kf4
{[%clk 00:48:09] [%emt 00:03:46]} Rd4+ {[%clk 00:11:16] [%emt 00:00:17]} 48. Re4
{[%clk 00:48:05] [%emt 00:00:35]} Rd3 {[%clk 00:11:03] [%emt 00:00:43]} 49. Re2
{[%clk 00:45:52] [%emt 00:02:42]} Rd4+ {[%clk 00:10:49] [%emt 00:00:45]} 50. Kf3
{[%clk 00:45:09] [%emt 00:01:13]} Rd3+ {[%clk 00:11:07] [%emt 00:00:12]} 51. Re3
{[%clk 00:44:46] [%emt 00:00:53]} Rd2 {[%clk 00:11:06] [%emt 00:00:31]} 52. h3
{[%clk 00:43:30] [%emt 00:01:45]} Rd4 {[%clk 00:10:31] [%emt 00:01:05]} 53. Ke2
{[%clk 00:40:32] [%emt 00:03:28]} Rd5 {[%clk 00:10:05] [%emt 00:00:56]} 54. Re4
{[%clk 00:40:43] [%emt 00:00:20]} g5 {[%clk 00:07:28] [%emt 00:03:07]} 55. Re3
{[%clk 00:36:26] [%emt 00:04:46]} h5 {[%clk 00:07:50] [%emt 00:00:09]} 56. Re4
{[%clk 00:36:13] [%emt 00:00:43]} Ra5 {[%clk 00:05:28] [%emt 00:02:51]} 57. Kd2
{[%clk 00:31:28] [%emt 00:05:14]} Ra2+ {[%clk 00:04:48] [%emt 00:01:11]} 58. Kd1
{[%clk 00:29:33] [%emt 00:02:25]} g4 {[%clk 00:02:45] [%emt 00:02:34]} 59. hxg4
{[%clk 00:29:17] [%emt 00:00:46]} hxg4 {[%clk 00:03:13] [%emt 00:00:01]} 60. Ke1
{[%clk 00:25:54] [%emt 00:03:53]} g3 {[%clk 00:03:28] [%emt 00:00:16]} 61. Kf1
{[%clk 00:26:21] [%emt 00:00:02]} g2+ {[%clk 00:02:27] [%emt 00:01:32]} 62. Kg1
{[%clk 00:26:47] [%emt 00:00:03]} Rb2 {[%clk 00:02:28] [%emt 00:00:29]} 63. Re1
{[%clk 00:26:22] [%emt 00:00:55]} Ra2 {[%clk 00:02:20] [%emt 00:00:38]} 64. Rd1
{[%clk 00:25:53] [%emt 00:00:59]} Ra8 {[%clk 00:02:28] [%emt 00:00:23]} 65. Re1
{[%clk 00:25:51] [%emt 00:00:31]} Ra2 {[%clk 00:02:41] [%emt 00:00:17]} 66. Rc1
{[%clk 00:25:23] [%emt 00:00:58]} Kxe5 {[%clk 00:02:16] [%emt 00:00:55]} 67. d7
{[%clk 00:25:51] [%emt 00:00:03]} Rd2 {[%clk 00:02:40] [%emt 00:00:05]} 68. Re1+
{[%clk 00:26:13] [%emt 00:00:08]} Kf6 {[%clk 00:02:57]} 1/2-1/2

[Site "Europe Echecs"]

[Event "Grand Swiss "]
[Date "2025.09.08"]
[White "Narayanan S L"]
[Black "Lu, Shanglei"]
[WhiteElo "2591"]
[BlackElo "2647"]
[Round "5.5.35"]
[Result "1/2-1/2"]

1. c4 {[%clk 01:40:55] [%emt 00:00:04]} Nf6 {[%clk 01:40:48] [%emt 00:00:13]} 2.
Nf3 {[%clk 01:40:47] [%emt 00:00:38]} e6 {[%clk 01:41:13] [%emt 00:00:05]} 3. g3
{[%clk 01:41:03] [%emt 00:00:14]} d5 {[%clk 01:41:39] [%emt 00:00:05]} 4. Bg2
{[%clk 01:41:23] [%emt 00:00:09]} dxc4 {[%clk 01:42:02] [%emt 00:00:07]} 5. Qa4+
{[%clk 01:41:39] [%emt 00:00:15]} Bd7 {[%clk 01:42:26] [%emt 00:00:06]} 6. Qxc4
{[%clk 01:42:02] [%emt 00:00:06]} c5 {[%clk 01:42:54] [%emt 00:00:02]} 7. Ne5
{[%clk 01:42:02] [%emt 00:00:30]} Qc8 {[%clk 01:43:19] [%emt 00:00:06]} 8. Qd3
{[%clk 01:42:11] [%emt 00:00:20]} Nc6 {[%clk 01:43:43] [%emt 00:00:06]} 9. Nxd7
{[%clk 01:42:34] [%emt 00:00:07]} Nxd7 {[%clk 01:44:08] [%emt 00:00:04]} 10. Nc3
{[%clk 01:42:05] [%emt 00:01:00]} Be7 {[%clk 01:44:32] [%emt 00:00:05]} 11. b3
{[%clk 01:41:39] [%emt 00:00:57]} O-O {[%clk 01:44:42] [%emt 00:00:20]} 12. Bb2
{[%clk 01:41:53] [%emt 00:00:16]} Nde5 {[%clk 01:45:02] [%emt 00:00:10]} 13. Qc2
{[%clk 01:41:42] [%emt 00:00:41]} Rd8 {[%clk 01:45:24] [%emt 00:00:08]} 14. Rd1
{[%clk 01:37:16] [%emt 00:04:55]} Qc7 {[%clk 01:44:53] [%emt 00:01:02]} 15. O-O
{[%clk 01:37:04] [%emt 00:00:42]} Rd7 {[%clk 01:44:56] [%emt 00:00:28]} 16. d3
{[%clk 01:20:07] [%emt 00:17:26]} Rad8 {[%clk 01:45:11] [%emt 00:00:15]} 17. Nb5
{[%clk 01:20:19] [%emt 00:00:18]} Qa5 {[%clk 01:42:20] [%emt 00:03:20]} 18. Na3
{[%clk 01:19:30] [%emt 00:01:20]} b5 {[%clk 01:28:51] [%emt 00:13:59]} 19. Qd2
{[%clk 00:55:08] [%emt 00:24:51]} Qa6 {[%clk 01:12:02] [%emt 00:17:20]} 20. Qe3
{[%clk 00:42:06] [%emt 00:13:31]} Ng6 {[%clk 01:11:53] [%emt 00:00:40]} 21. Nb1
{[%clk 00:14:02] [%emt 00:28:34]} Nd4 {[%clk 00:53:06] [%emt 00:19:18]} 22. Bxd4
{[%clk 00:14:29] [%emt 00:00:02]} cxd4 {[%clk 00:43:29] [%emt 00:10:07]} 23. Qd2
{[%clk 00:14:56] [%emt 00:00:03]} Rc7 {[%clk 00:43:51] [%emt 00:00:08]} 24. Rc1
{[%clk 00:15:02] [%emt 00:00:24]} Rdc8 {[%clk 00:44:17] [%emt 00:00:04]} 25. a3
{[%clk 00:15:11] [%emt 00:00:20]} Qd6 {[%clk 00:19:31] [%emt 00:25:16]} 26. b4
{[%clk 00:12:52] [%emt 00:02:50]} Qe5 {[%clk 00:18:25] [%emt 00:01:37]} 27. Rxc7
{[%clk 00:11:26] [%emt 00:01:56]} Qxc7 {[%clk 00:15:49] [%emt 00:03:05]} 28. Qb2
{[%clk 00:11:04] [%emt 00:00:52]} Bf6 {[%clk 00:11:14] [%emt 00:05:06]} 29. Nd2
{[%clk 00:11:06] [%emt 00:00:27]} Qc2 {[%clk 00:10:01] [%emt 00:01:42]} 30. Rb1
{[%clk 00:10:36]} Qxb2 {[%clk 00:10:01]} 1/2-1/2

[Site "Europe Echecs"]

[Event "Grand Swiss "]
[Date "2025.09.08"]
[White "Svane, Frederik"]
[Black "Bartel, Mateusz"]
[WhiteElo "2643"]
[BlackElo "2581"]
[Round "5.5.36"]
[Result "0-1"]

1. e4 {[%clk 01:40:58] [%emt 00:00:01]} e5 {[%clk 01:40:50] [%emt 00:00:09]} 2.
Nf3 {[%clk 01:41:23] [%emt 00:00:07]} Nc6 {[%clk 01:41:14] [%emt 00:00:05]} 3.
Bc4 {[%clk 01:41:49] [%emt 00:00:04]} Bc5 {[%clk 01:41:30] [%emt 00:00:14]} 4.
O-O {[%clk 01:40:43] [%emt 00:01:37]} d6 {[%clk 01:41:27] [%emt 00:00:31]} 5. c3
{[%clk 01:39:55] [%emt 00:01:19]} Bb6 {[%clk 01:40:39] [%emt 00:01:19]} 6. d3
{[%clk 01:32:52] [%emt 00:07:33]} h6 {[%clk 01:40:25] [%emt 00:00:43]} 7. Bb3
{[%clk 01:25:04] [%emt 00:08:19]} Qf6 {[%clk 01:39:00] [%emt 00:01:55]} 8. Nbd2
{[%clk 01:19:22] [%emt 00:06:12]} Nge7 {[%clk 01:38:23] [%emt 00:01:06]} 9. a4
{[%clk 01:14:59] [%emt 00:04:53]} a6 {[%clk 01:37:48] [%emt 00:01:05]} 10. Nc4
{[%clk 01:08:26] [%emt 00:07:03]} Ba7 {[%clk 01:38:10] [%emt 00:00:07]} 11. Ne3
{[%clk 01:06:00] [%emt 00:02:57]} g5 {[%clk 01:29:27] [%emt 00:09:13]} 12. Qe2
{[%clk 00:54:50] [%emt 00:11:40]} Bd7 {[%clk 01:20:11] [%emt 00:09:46]} 13. a5
{[%clk 00:48:10] [%emt 00:07:10]} g4 {[%clk 01:03:23] [%emt 00:17:18]} 14. Ne1
{[%clk 00:48:18] [%emt 00:00:18]} Qg7 {[%clk 01:02:48] [%emt 00:01:09]} 15. Kh1
{[%clk 00:41:35] [%emt 00:07:13]} O-O-O {[%clk 00:56:15] [%emt 00:07:02]} 16.
Ba4 {[%clk 00:41:54] [%emt 00:00:13]} Bxe3 {[%clk 00:44:32] [%emt 00:12:11]} 17.
Bxe3 {[%clk 00:30:26] [%emt 00:12:00]} f5 {[%clk 00:43:49] [%emt 00:01:12]} 18.
exf5 {[%clk 00:30:49] [%emt 00:00:08]} Nxf5 {[%clk 00:43:42] [%emt 00:00:36]}
19. b4 {[%clk 00:31:13] [%emt 00:00:07]} Nb8 {[%clk 00:31:31] [%emt 00:12:41]}
20. Bxd7+ {[%clk 00:22:42] [%emt 00:09:01]} Rxd7 {[%clk 00:31:59] [%emt
00:00:02]} 21. f3 {[%clk 00:19:03] [%emt 00:04:09]} h5 {[%clk 00:30:44] [%emt
00:01:44]} 22. Kg1 {[%clk 00:19:03] [%emt 00:00:31]} Rf7 {[%clk 00:24:44] [%emt
00:06:29]} 23. Nc2 {[%clk 00:19:27] [%emt 00:00:06]} Rhf8 {[%clk 00:23:30] [%emt
00:01:44]} 24. fxg4 {[%clk 00:17:39] [%emt 00:02:19]} hxg4 {[%clk 00:23:45]
[%emt 00:00:14]} 25. g3 {[%clk 00:18:05] [%emt 00:00:04]} Qg6 {[%clk 00:16:26]
[%emt 00:07:49]} 26. Bd2 {[%clk 00:14:44] [%emt 00:03:51]} Nd7 {[%clk 00:16:37]
[%emt 00:00:19]} 27. Qe4 {[%clk 00:09:00] [%emt 00:06:14]} Qh5 {[%clk 00:14:26]
[%emt 00:02:41]} 28. Rae1 {[%clk 00:09:15] [%emt 00:00:16]} c6 {[%clk 00:10:16]
[%emt 00:04:40]} 29. c4 {[%clk 00:09:05] [%emt 00:00:40]} Rh8 {[%clk 00:07:28]
[%emt 00:03:17]} 30. Re2 {[%clk 00:08:43] [%emt 00:00:53]} d5 {[%clk 00:05:39]
[%emt 00:02:19]} 31. cxd5 {[%clk 00:08:39] [%emt 00:00:33]} Nd6 {[%clk 00:06:08]
[%emt 00:00:01]} 32. Qg2 {[%clk 00:08:04] [%emt 00:01:04]} Rxf1+ {[%clk
00:06:12] [%emt 00:00:28]} 33. Kxf1 {[%clk 00:07:37] [%emt 00:00:57]} Qf5+
{[%clk 00:06:28] [%emt 00:00:13]} 34. Kg1 {[%clk 00:06:58] [%emt 00:01:08]} Qxd3
{[%clk 00:04:12] [%emt 00:02:48]} 35. dxc6 {[%clk 00:07:20] [%emt 00:00:08]} Nf6
{[%clk 00:01:30] [%emt 00:03:11]} 36. cxb7+ {[%clk 00:07:46] [%emt 00:00:04]}
Kb8 {[%clk 00:01:59] [%emt 00:00:01]} 37. Ne1 {[%clk 00:07:00] [%emt 00:01:14]}
Qc4 {[%clk 00:02:07] [%emt 00:00:24]} 38. Bg5 {[%clk 00:02:16] [%emt 00:05:15]}
Nfe4 {[%clk 00:02:08] [%emt 00:00:28]} 39. Be7 {[%clk 00:02:34] [%emt 00:00:12]}
Qd4+ {[%clk 00:02:16] [%emt 00:00:22]} 40. Kf1 {[%clk 00:01:40] [%emt 00:01:22]}
Nc4 {[%clk 00:02:03] [%emt 00:00:45]} 0-1

[Site "Europe Echecs"]

[Event "Grand Swiss "]
[Date "2025.09.08"]
[White "Sindarov, Javokhir"]
[Black "Goryachkina, Aleksandra"]
[WhiteElo "2722"]
[BlackElo "2528"]
[Round "5.5.37"]
[Result "1-0"]

1. e4 {[%clk 01:40:51] [%emt 00:00:08]} e5 {[%clk 01:40:45] [%emt 00:00:16]} 2.
Nf3 {[%clk 01:41:16] [%emt 00:00:05]} Nc6 {[%clk 01:41:03] [%emt 00:00:11]} 3.
Bc4 {[%clk 01:41:40] [%emt 00:00:07]} Nf6 {[%clk 01:40:51] [%emt 00:00:42]} 4.
d3 {[%clk 01:41:43] [%emt 00:00:26]} Bc5 {[%clk 01:41:01] [%emt 00:00:20]} 5. c3
{[%clk 01:41:39] [%emt 00:00:35]} d6 {[%clk 01:41:03] [%emt 00:00:28]} 6. O-O
{[%clk 01:41:53] [%emt 00:00:16]} O-O {[%clk 01:40:46] [%emt 00:00:47]} 7. Bg5
{[%clk 01:42:07] [%emt 00:00:17]} h6 {[%clk 01:40:09] [%emt 00:01:07]} 8. Bh4
{[%clk 01:42:32] [%emt 00:00:05]} g5 {[%clk 01:38:29] [%emt 00:02:09]} 9. Bg3
{[%clk 01:42:46] [%emt 00:00:16]} a5 {[%clk 01:38:15] [%emt 00:00:44]} 10. Re1
{[%clk 01:43:05] [%emt 00:00:10]} Ba7 {[%clk 01:37:52] [%emt 00:00:54]} 11. Na3
{[%clk 01:43:28] [%emt 00:00:07]} Bg4 {[%clk 01:37:17] [%emt 00:01:05]} 12. Nc2
{[%clk 01:43:13] [%emt 00:00:45]} Bh5 {[%clk 01:37:07] [%emt 00:00:40]} 13. Rc1
{[%clk 01:43:36] [%emt 00:00:07]} Re8 {[%clk 01:29:25] [%emt 00:08:12]} 14. Bb5
{[%clk 01:42:38] [%emt 00:01:28]} d5 {[%clk 01:18:30] [%emt 00:11:25]} 15. Qe2
{[%clk 01:40:04] [%emt 00:03:04]} Re6 {[%clk 01:06:37] [%emt 00:12:23]} 16. Qf1
{[%clk 01:28:55] [%emt 00:11:39]} d4 {[%clk 00:52:05] [%emt 00:15:02]} 17. Bxc6
{[%clk 01:26:00] [%emt 00:03:25]} Bxf3 {[%clk 00:50:48] [%emt 00:01:47]} 18.
Bxb7 {[%clk 01:22:49] [%emt 00:03:41]} Rb8 {[%clk 00:48:46] [%emt 00:02:32]} 19.
gxf3 {[%clk 01:23:13] [%emt 00:00:06]} Rxb7 {[%clk 00:48:36] [%emt 00:00:40]}
20. cxd4 {[%clk 01:23:25] [%emt 00:00:18]} Bxd4 {[%clk 00:47:43] [%emt
00:01:24]} 21. Nxd4 {[%clk 01:23:43] [%emt 00:00:12]} Qxd4 {[%clk 00:46:54]
[%emt 00:01:18]} 22. b3 {[%clk 01:15:08] [%emt 00:09:05]} c5 {[%clk 00:44:15]
[%emt 00:03:09]} 23. h4 {[%clk 01:15:04] [%emt 00:00:34]} gxh4 {[%clk 00:34:03]
[%emt 00:10:41]} 24. Bh2 {[%clk 01:14:25] [%emt 00:01:09]} Nh5 {[%clk 00:25:40]
[%emt 00:08:53]} 25. Kh1 {[%clk 01:13:50] [%emt 00:01:06]} Rg6 {[%clk 00:22:41]
[%emt 00:03:29]} 26. Rc4 {[%clk 01:13:53] [%emt 00:00:27]} Qd6 {[%clk 00:21:01]
[%emt 00:02:10]} 27. Qh3 {[%clk 01:10:02] [%emt 00:04:22]} Qxd3 {[%clk 00:13:36]
[%emt 00:07:55]} 28. Bxe5 {[%clk 01:00:47] [%emt 00:09:45]} f6 {[%clk 00:10:49]
[%emt 00:03:16]} 29. Bh2 {[%clk 01:00:59] [%emt 00:00:18]} Rbg7 {[%clk 00:03:28]
[%emt 00:07:51]} 30. Qc8+ {[%clk 01:01:20] [%emt 00:00:09]} Kh7 {[%clk 00:00:56]
[%emt 00:03:03]} 31. Qf5 {[%clk 01:01:44] [%emt 00:00:05]} Qd2 {[%clk 00:01:05]
[%emt 00:00:21]} 32. Rf1 {[%clk 01:01:55] [%emt 00:00:19]} Ng3+ {[%clk 00:00:41]
[%emt 00:00:54]} 33. fxg3 {[%clk 01:02:12] [%emt 00:00:13]} hxg3 {[%clk
00:01:05] [%emt 00:00:07]} 34. Bxg3 {[%clk 01:02:36] [%emt 00:00:06]} Kh8 {[%clk
00:01:03] [%emt 00:00:32]} 35. Rxc5 {[%clk 00:57:13] [%emt 00:05:53]} Rxg3
{[%clk 00:01:15] [%emt 00:00:18]} 36. Rc8+ {[%clk 00:57:35] [%emt 00:00:07]} Rg8
{[%clk 00:01:33] [%emt 00:00:12]} 37. Qxf6+ {[%clk 00:57:57] [%emt 00:00:09]}
Kh7 {[%clk 00:01:39] [%emt 00:00:23]} 38. Rc7+ {[%clk 00:55:54] [%emt 00:02:33]}
R8g7 {[%clk 00:00:53] [%emt 00:01:16]} 39. Qf5+ {[%clk 00:56:02] [%emt
00:00:21]} Kh8 {[%clk 00:01:03] [%emt 00:00:20]} 40. Rc8+ {[%clk 00:56:16] [%emt
00:00:16]} Rg8 {[%clk 00:01:23] [%emt 00:00:10]} 41. Qe5+ {[%clk 00:56:36] [%emt
00:00:09]} Kh7 {[%clk 00:39:07] [%emt 00:12:47]} 42. Rc7+ {[%clk 01:46:52] [%emt
00:00:14]} R3g7 {[%clk 00:39:18] [%emt 00:00:19]} 43. Rg1 {[%clk 01:47:05] [%emt
00:00:17]} 1-0

[Site "Europe Echecs"]

[Event "Grand Swiss "]
[Date "2025.09.08"]
[White "Robson, Ray"]
[Black "Dardha, Daniel"]
[WhiteElo "2674"]
[BlackElo "2624"]
[Round "5.5.38"]
[Result "1-0"]

1. c4 {[%clk 01:40:56] [%emt 00:00:03]} c5 {[%clk 01:40:28] [%emt 00:00:32]} 2.
Nf3 {[%clk 01:40:21] [%emt 00:01:04]} Nc6 {[%clk 01:39:17] [%emt 00:01:42]} 3.
Nc3 {[%clk 01:40:06] [%emt 00:00:43]} Nf6 {[%clk 01:39:11] [%emt 00:00:36]} 4.
g3 {[%clk 01:39:39] [%emt 00:00:57]} d5 {[%clk 01:37:06] [%emt 00:02:36]} 5.
cxd5 {[%clk 01:39:43] [%emt 00:00:26]} Nxd5 {[%clk 01:37:31] [%emt 00:00:05]} 6.
Bg2 {[%clk 01:39:50] [%emt 00:00:21]} Nc7 {[%clk 01:36:25] [%emt 00:01:37]} 7.
d3 {[%clk 01:38:24] [%emt 00:01:56]} e5 {[%clk 01:35:19] [%emt 00:01:37]} 8. Nd2
{[%clk 01:38:22] [%emt 00:00:30]} Bd7 {[%clk 01:32:39] [%emt 00:03:11]} 9. O-O
{[%clk 01:38:19] [%emt 00:00:32]} Be7 {[%clk 01:26:30] [%emt 00:06:41]} 10. Nc4
{[%clk 01:38:20] [%emt 00:00:29]} f6 {[%clk 01:23:16] [%emt 00:03:44]} 11. f4
{[%clk 01:38:15] [%emt 00:00:34]} b5 {[%clk 01:19:05] [%emt 00:04:42]} 12. Ne3
{[%clk 01:38:09] [%emt 00:00:35]} exf4 {[%clk 01:17:03] [%emt 00:02:33]} 13. Nf5
{[%clk 01:38:11] [%emt 00:00:28]} b4 {[%clk 01:08:45] [%emt 00:08:49]} 14. Nxe7
{[%clk 01:37:08] [%emt 00:01:31]} Qxe7 {[%clk 01:03:54] [%emt 00:05:22]} 15. Ne4
{[%clk 01:37:04] [%emt 00:00:33]} Ne6 {[%clk 01:00:13] [%emt 00:04:11]} 16. gxf4
{[%clk 01:35:36] [%emt 00:01:58]} O-O {[%clk 00:51:47] [%emt 00:08:56]} 17. Ng3
{[%clk 01:33:11] [%emt 00:02:54]} Kh8 {[%clk 00:44:35] [%emt 00:07:43]} 18. e3
{[%clk 01:31:01] [%emt 00:02:39]} Rad8 {[%clk 00:41:10] [%emt 00:03:55]} 19. b3
{[%clk 01:22:01] [%emt 00:09:30]} Qe8 {[%clk 00:39:11] [%emt 00:02:29]} 20. Qc2
{[%clk 01:14:33] [%emt 00:07:58]} Ne7 {[%clk 00:34:29] [%emt 00:05:13]} 21. f5
{[%clk 01:09:59] [%emt 00:05:03]} Ng5 {[%clk 00:34:51] [%emt 00:00:08]} 22. Qxc5
{[%clk 01:08:06] [%emt 00:02:23]} Rc8 {[%clk 00:25:50] [%emt 00:09:31]} 23. Qxa7
{[%clk 00:36:43] [%emt 00:31:53]} Nc6 {[%clk 00:20:02] [%emt 00:06:18]} 24. Bxc6
{[%clk 00:35:53] [%emt 00:01:21]} Bxc6 {[%clk 00:18:02] [%emt 00:02:29]} 25. e4
{[%clk 00:36:00] [%emt 00:00:22]} Rf7 {[%clk 00:16:53] [%emt 00:01:40]} 26. Qa5
{[%clk 00:28:36] [%emt 00:07:54]} Nh3+ {[%clk 00:12:11] [%emt 00:05:12]} 27. Kg2
{[%clk 00:27:24] [%emt 00:01:42]} Rd7 {[%clk 00:12:37] [%emt 00:00:04]} 28. Rf3
{[%clk 00:17:47] [%emt 00:10:07]} Rxd3 {[%clk 00:12:07] [%emt 00:01:00]} 29.
Rxd3 {[%clk 00:17:38] [%emt 00:00:39]} Bxe4+ {[%clk 00:12:31] [%emt 00:00:05]}
30. Kxh3 {[%clk 00:17:35] [%emt 00:00:32]} Bxd3 {[%clk 00:12:57] [%emt
00:00:05]} 31. Bd2 {[%clk 00:13:28] [%emt 00:04:38]} Rc2 {[%clk 00:05:59] [%emt
00:07:27]} 32. Re1 {[%clk 00:11:59] [%emt 00:01:59]} Qc8 {[%clk 00:05:57] [%emt
00:00:33]} 33. Bxb4 {[%clk 00:11:31] [%emt 00:00:58]} h5 {[%clk 00:05:11] [%emt
00:01:16]} 34. Qd5 {[%clk 00:05:30] [%emt 00:06:31]} g5 {[%clk 00:04:27] [%emt
00:01:14]} 35. Ne4 {[%clk 00:04:52] [%emt 00:01:07]} Qc7 {[%clk 00:01:02] [%emt
00:03:55]} 36. Qa8+ {[%emt 00:00:44]} 1-0

[Site "Europe Echecs"]